[Event "Voronezh Region-ch"]
[Site "Voronezh"]
[Date "2009.10.15"]
[Round "5"]
[White "Cherednichenko, Viktor"]
[Black "Ioffe, Evgeny"]
[Result "0-1"]
[WhiteElo "1969"]
[BlackElo "2082"]
[PlyCount "54"]
[EventDate "2009.10.10"]
[EventType "swiss"]
[EventRounds "9"]
[EventCountry "RUS"]
[SourceTitle "EXT 2010"]
[Source "ChessBase"]
[SourceDate "2010.11.25"]
[SourceVersion "1"]
[SourceVersionDate "2010.11.25"]
[SourceQuality "1"]

1. e4 c6 2. d4 d5 3. e5 Bf5 4. Nf3 e6 5. Be2 c5 6. c4 dxc4 7. Bxc4 Nc6 8. d5 exd5 9. Bxd5 Nge7 10. Bb3 Qxd1+ 11. Bxd1 Ng6 12. 0-0 Ngxe5 13. Nxe5 Nxe5 14. Bf4 Nc6 15. Re1+ Be6 16. Bg4 Nd4 17. Bc7 Nc2 18. Na3 Nxa1 19. Bf3 Rc8 20. Be5 b6 21. Rxa1 f6 22. Bg3 Kf7 23. Nb5 Rd8 24. Nxa7 Bd6 25. Bh4 Rd7 26. Nb5 Be5 27. Nc3 Rd2 0-1

[Event "Voronezh Region-ch"]
[Site "Voronezh"]
[Date "2009.10.11"]
[Round "1"]
[White "Cherednichenko, Viktor"]
[Black "Vyaznikov, Sergey O"]
[Result "0-1"]
[WhiteElo "1969"]
[BlackElo "2240"]
[PlyCount "92"]
[EventDate "2009.10.10"]
[EventType "swiss"]
[EventRounds "9"]
[EventCountry "RUS"]
[SourceTitle "EXT 2010"]
[Source "ChessBase"]
[SourceDate "2010.11.25"]
[SourceVersion "1"]
[SourceVersionDate "2010.11.25"]
[SourceQuality "1"]

1. e4 e6 2. b3 d5 3. Bb2 dxe4 4. Nc3 Nf6 5. Qe2 Bb4 6. 0-0-0 Bxc3 7. dxc3 Qe7 8. Kb1 Bd7 9. g4 h6 10. Bg2 Bc6 11. h4 Nbd7 12. c4 0-0-0 13. Nh3 Kb8 14. g5 hxg5 15. hxg5 Ne8 16. Bxe4 Bxe4 17. Qxe4 Nd6 18. Qf3 Nf5 19. Rhe1 Nb6 20. Rd3 Rxd3 21. cxd3 Qd8 22. g6 fxg6 23. Nf4 Re8 24. Rxe6 Rxe6 25. Nxe6 Qe7 26. Qe4 Nd7 27. Nxg7 Qxe4 28. dxe4 Nxg7 29. Bxg7 Nc5 30. e5 Nd3 31. e6 Kc8 32. Bh6 Nxf2 33. Be3 Ng4 34. Bg5 Ne5 35. Kc2 c5 36. Bf6 Nc6 37. Kd3 Kc7 38. Bg7 Kd6 39. Ke4 Kxe6 40. Bc3 a6 41. Bb2 b5 42. cxb5 axb5 43. a4 b4 44. Bg7 Na5 45. Bf8 Nxb3 46. Kd3 Kd5 0-1

[Event "Voronezh Region-ch"]
[Site "Voronezh"]
[Date "2009.09.15"]
[Round "4.7"]
[White "Cherednichenko, Viktor"]
[Black "Chernov, Vladimir S"]
[Result "0-1"]
[WhiteElo "1969"]
[BlackElo "2084"]
[PlyCount "74"]
[EventDate "2009.09.11"]
[EventType "swiss"]
[EventRounds "9"]
[EventCountry "RUS"]
[SourceTitle "EXT 2022"]
[Source "ChessBase"]
[SourceDate "2021.10.06"]
[SourceVersion "1"]
[SourceVersionDate "2021.10.06"]
[SourceQuality "1"]

1. e4 d6 2. d4 Nf6 3. Nc3 g6 4. Bg5 Bg7 5. Qd2 h6 6. Bh4 g5 7. Bg3 Nh5 8. 0-0-0 Nc6 9. Qe3 e6 10. Be2 Nxg3 11. hxg3 Qf6 12. Bb5 a6 13. Bxc6+ bxc6 14. f4 Rb8 15. Nf3 g4 16. e5 Qe7 17. Nh4 dxe5 18. dxe5 0-0 19. Rd3 c5 20. Rhd1 c4 21. Rd4 Qb4 22. b3 Qa3+ 23. Kd2 cxb3 24. axb3 Qe7 25. Ke1 Rb4 26. R4d2 Re8 27. Kf1 a5 28. Kg1 Rb8 29. Qa7 Rb7 30. Qxa5 Qb4 31. Qxb4 Rxb4 32. Rd8 Kf8 33. Na4 Rb5 34. R1d4 c6 35. b4 Rd5 36. Nc5 Rexd8 37. Rxd5 Rxd5 0-1

[Event "Voronezh Region-ch"]
[Site "Voronezh"]
[Date "2009.09.12"]
[Round "2.5"]
[White "Cherednichenko, Viktor"]
[Black "Kiselev, Maxim2"]
[Result "0-1"]
[WhiteElo "1969"]
[BlackElo "2185"]
[PlyCount "40"]
[EventDate "2009.09.11"]
[EventType "swiss"]
[EventRounds "9"]
[EventCountry "RUS"]
[SourceTitle "EXT 2022"]
[Source "ChessBase"]
[SourceDate "2021.10.06"]
[SourceVersion "1"]
[SourceVersionDate "2021.10.06"]
[SourceQuality "1"]

1. e4 d6 2. d4 Nf6 3. Nc3 g6 4. Bc4 Bg7 5. Bb3 0-0 6. Nf3 Nc6 7. a3 Bg4 8. Be3 e5 9. Qd2 Bxf3 10. gxf3 exd4 11. Bxd4 Nxd4 12. Qxd4 Nxe4 13. Qc4 Nxc3 14. bxc3 d5 15. Qd3 Re8+ 16. Kf1 c6 17. Rd1 Qh4 18. h3 b5 19. f4 Qxf4 20. h4 Re4 0-1

[Event "Voronezh Region-ch"]
[Site "Voronezh"]
[Date "2009.09.11"]
[Round "1.12"]
[White "Manukovsky, Vladimir"]
[Black "Cherednichenko, Viktor"]
[Result "1/2-1/2"]
[WhiteElo "2206"]
[BlackElo "1969"]
[PlyCount "24"]
[EventDate "2009.09.11"]
[EventType "swiss"]
[EventRounds "9"]
[EventCountry "RUS"]
[SourceTitle "EXT 2022"]
[Source "ChessBase"]
[SourceDate "2021.10.06"]
[SourceVersion "1"]
[SourceVersionDate "2021.10.06"]
[SourceQuality "1"]

1. c4 e6 2. Nc3 b6 3. Nf3 Bb7 4. g3 Nf6 5. Bg2 d5 6. cxd5 Nxd5 7. 0-0 Be7 8. d4 0-0 9. Nxd5 Bxd5 10. Bf4 a5 11. a3 Na6 12. Rc1 c5 1/2-1/2

[Event "Voronezh op-B 13th"]
[Site "Voronezh"]
[Date "2009.06.19"]
[Round "8"]
[White "Cherednichenko, Viktor"]
[Black "Potapov, Alexander"]
[Result "0-1"]
[WhiteElo "1964"]
[BlackElo "2187"]
[PlyCount "112"]
[EventDate "2009.06.12"]
[EventType "swiss"]
[EventRounds "9"]
[EventCountry "RUS"]
[SourceTitle "CBM 130 Extra"]
[Source "ChessBase"]
[SourceDate "2009.07.02"]
[SourceVersion "2"]
[SourceVersionDate "2009.07.15"]
[SourceQuality "1"]

1. e4 e6 2. b3 c5 3. Bb2 Nc6 4. Nf3 d6 5. Bb5 Bd7 6. 0-0 Nf6 7. Re1 Qc7 8. a4 a6 9. Bf1 Rc8 10. Na3 Be7 11. Nc4 Na5 12. Nxd6+ Qxd6 13. e5 Qd5 14. c4 Qc6 15. exf6 Bxf6 16. Ne5 Qb6 17. Qh5 Rf8 18. Rab1 Nc6 19. Qxh7 Qc7 20. Qe4 Rh8 21. g3 Rd8 22. Bg2 a5 23. Re3 Ke7 24. Rbe1 Rh5 25. f4 Bxe5 26. fxe5 Be8 27. Qg4 g6 28. R1e2 Nd4 29. Bxd4 cxd4 30. Re4 d3 31. R2e3 Bc6 32. Rd4 Rxe5 33. Rxd8 Rxe3 34. Qg5+ f6 35. Qc5+ Kxd8 36. Qxe3 Qd6 37. Bxc6 bxc6 38. Kf2 c5 39. Qf3 f5 40. Qa8+ Ke7 41. Qa7+ Kf6 42. Qxa5 Qd4+ 43. Kf1 e5 44. Qa8 Qa1+ 45. Kg2 Kg7 46. Qa7+ Kh6 47. Qxc5 e4 48. a5 Qa2 49. Qe3+ Kh7 50. h4 Qxa5 51. h5 Qa8 52. Kh3 Qc8 53. Kh2 Qe6 54. hxg6+ Kxg6 55. Kg2 Qc6 56. Kf2 Qb7 0-1

[Event "Voronezh op-B 13th"]
[Site "Voronezh"]
[Date "2009.06.14"]
[Round "3"]
[White "Cherednichenko, Viktor"]
[Black "Podkopaev, Mikhail"]
[Result "1/2-1/2"]
[WhiteElo "1964"]
[BlackElo "2155"]
[PlyCount "56"]
[EventDate "2009.06.12"]
[EventType "swiss"]
[EventRounds "9"]
[EventCountry "RUS"]
[SourceTitle "CBM 130 Extra"]
[Source "ChessBase"]
[SourceDate "2009.07.02"]
[SourceVersion "2"]
[SourceVersionDate "2009.07.15"]
[SourceQuality "1"]

1. e4 c6 2. d4 d5 3. e5 Bf5 4. Nc3 e6 5. g4 Bg6 6. Nge2 Nd7 7. Nf4 Ne7 8. h4 h6 9. Bg2 Bh7 10. Qe2 Ng6 11. h5 Nxf4 12. Bxf4 Qb6 13. 0-0-0 Bb4 14. Rh3 Qa5 15. Bf1 a6 16. g5 hxg5 17. Bxg5 Bf5 18. Rg3 g6 19. hxg6 fxg6 20. Kb1 Rh5 21. Qd2 c5 22. f4 cxd4 23. Qxd4 Rc8 24. a3 Bxc3 25. Rxc3 Rxc3 26. Qxc3 Qxc3 27. bxc3 Nxe5 28. fxe5 Rxg5 1/2-1/2

[Event "Voronezh Region-ch"]
[Site "Voronezh"]
[Date "2008.12.08"]
[Round "6"]
[White "Cherednichenko, Viktor"]
[Black "Elfimov, Kirill"]
[Result "1/2-1/2"]
[WhiteElo "1924"]
[BlackElo "2036"]
[PlyCount "47"]
[EventDate "2008.12.03"]
[EventType "swiss"]
[EventRounds "9"]
[EventCountry "RUS"]
[SourceTitle "EXT 2010"]
[Source "ChessBase"]
[SourceDate "2010.11.25"]
[SourceVersion "1"]
[SourceVersionDate "2010.11.25"]
[SourceQuality "1"]

1. e4 e5 2. Nf3 Nc6 3. d4 exd4 4. Bb5 Bc5 5. 0-0 a6 6. Ba4 h6 7. Re1 Nge7 8. Nh4 d6 9. c3 0-0 10. cxd4 Nxd4 11. Be3 Nec6 12. Bxc6 Nxc6 13. Nf3 Bg4 14. Nc3 Bxe3 15. Rxe3 Bxf3 16. Rxf3 Ne5 17. Rg3 Qf6 18. Qd2 Rad8 19. f4 Nc4 20. Qf2 Rfe8 21. Re1 c6 22. b3 Nb6 23. Rge3 Nc8 24. Qg3 1/2-1/2

[Event "Voronezh Region-ch"]
[Site "Voronezh"]
[Date "2008.12.05"]
[Round "3"]
[White "Fadin, Evgeny"]
[Black "Cherednichenko, Viktor"]
[Result "0-1"]
[WhiteElo "2177"]
[BlackElo "1924"]
[PlyCount "73"]
[EventDate "2008.12.03"]
[EventType "swiss"]
[EventRounds "9"]
[EventCountry "RUS"]
[SourceTitle "EXT 2010"]
[Source "ChessBase"]
[SourceDate "2010.11.25"]
[SourceVersion "1"]
[SourceVersionDate "2010.11.25"]
[SourceQuality "1"]

1. e4 c5 2. Nf3 d6 3. d4 cxd4 4. Nxd4 Nf6 5. Nc3 a6 6. Be2 e5 7. Nb3 Be7 8. 0-0 Be6 9. Be3 0-0 10. f4 Qc7 11. Bf3 Nbd7 12. Re1 Nb6 13. f5 Bd7 14. Nd2 Bc6 15. Kh1 Rad8 16. Qe2 Rfe8 17. Qf2 Nc8 18. Rad1 b5 19. a3 d5 20. exd5 Nxd5 21. Bxd5 Bxd5 22. Qg3 Kh8 23. Rc1 Bb7 24. Rf1 Bxa3 25. Nxb5 axb5 26. bxa3 Qc3 27. Nb1 Qc6 28. Qg4 f6 29. c4 Rd3 30. Rfe1 Re7 31. cxb5 Qxb5 32. Bc5 Red7 33. Bb4 R3d4 34. Qh5 g6 35. fxg6 Rg7 36. Bf8 Rxg6 37. Rg1 0-1

[Event "Voronezh Region-ch Seniors"]
[Site "Voronezh"]
[Date "2008.11.26"]
[Round "8"]
[White "Leun, Victor"]
[Black "Cherednichenko, Viktor"]
[Result "1-0"]
[WhiteElo "1961"]
[BlackElo "1924"]
[PlyCount "56"]
[EventDate "2008.11.18"]
[EventType "swiss"]
[EventRounds "9"]
[EventCountry "RUS"]
[SourceTitle "EXT 2010"]
[Source "ChessBase"]
[SourceDate "2010.11.25"]
[SourceVersion "1"]
[SourceVersionDate "2010.11.25"]
[SourceQuality "1"]

1. e4 c5 2. Nc3 Nc6 3. g3 g6 4. Bg2 Bg7 5. d3 d6 6. f4 Bd7 7. Nf3 Qc8 8. Ne2 Rb8 9. c3 b5 10. d4 cxd4 11. cxd4 Nf6 12. e5 dxe5 13. dxe5 Ng4 14. h3 Nh6 15. g4 0-0 16. 0-0 Rd8 17. Qe1 f6 18. Ned4 Nxd4 19. Nxd4 fxe5 20. fxe5 Bxg4 21. Nc6 Qe6 22. Nxd8 Rxd8 23. Bxh6 Bxh6 24. hxg4 Rd2 25. Rd1 Qb6+ 26. Kh1 Rxb2 27. Qc3 Rf2 28. Rxf2 Qxf2 1-0

[Event "Voronezh op-B"]
[Site "Voronezh"]
[Date "2008.06.19"]
[Round "8"]
[White "Lomakina, Galja"]
[Black "Cherednichenko, Viktor"]
[Result "1-0"]
[WhiteElo "2092"]
[BlackElo "1959"]
[PlyCount "73"]
[EventDate "2008.06.12"]
[EventType "swiss"]
[EventRounds "9"]
[EventCountry "RUS"]
[SourceTitle "CBM 125 Extra"]
[Source "ChessBase"]
[SourceDate "2008.09.01"]
[SourceVersion "1"]
[SourceVersionDate "2008.09.01"]
[SourceQuality "1"]

1. Nf3 Nf6 2. g3 b6 3. Bg2 Bb7 4. 0-0 e6 5. c4 c5 6. b3 Be7 7. Bb2 0-0 8. Nc3 d5 9. e3 Nbd7 10. Re1 a6 11. Rc1 dxc4 12. bxc4 Qc7 13. d3 Rfd8 14. Rc2 Nf8 15. Rd2 Rd7 16. Qb1 Bc6 17. e4 Ng6 18. h3 Bd6 19. Qa1 Rad8 20. Nd5 exd5 21. cxd5 Nxd5 22. exd5 Bxd5 23. Bxg7 f6 24. Bxf6 Rf8 25. Ng5 Bxg2 26. Kxg2 Bxg3 27. fxg3 Qc6+ 28. Ne4 Rdf7 29. Bc3 c4 30. Bb4 Rd8 31. Qc3 a5 32. Ba3 Rfd7 33. Bb2 b5 34. Rf2 Rd4 35. dxc4 b4 36. Qf3 Rf8 37. Nf6+ 1-0

[Event "Voronezh-ch sf"]
[Site "Voronezh"]
[Date "2008.01.27"]
[Round "9"]
[White "Cherednichenko, Viktor"]
[Black "Polyansky, Viktor"]
[Result "0-1"]
[WhiteElo "1959"]
[BlackElo "2076"]
[PlyCount "56"]
[EventDate "2008.01.18"]
[EventType "swiss"]
[EventRounds "9"]
[EventCountry "RUS"]
[SourceTitle "EXT 2010"]
[Source "ChessBase"]
[SourceDate "2010.11.25"]
[SourceVersion "1"]
[SourceVersionDate "2010.11.25"]
[SourceQuality "1"]

1. e4 c5 2. d4 cxd4 3. c3 d3 4. Nf3 d5 5. e5 Nc6 6. Bxd3 Bg4 7. Bf4 Qb6 8. Qb3 Qxb3 9. axb3 Bxf3 10. gxf3 g6 11. Na3 Bg7 12. Nb5 Kd7 13. Be3 Bxe5 14. Nxa7 d4 15. cxd4 Nxd4 16. f4 Bf6 17. 0-0 Nh6 18. Rfd1 Nc6 19. Bb5+ Kc7 20. Rac1 Rhd8 21. Rxd8 Rxd8 22. Nxc6 bxc6 23. Rxc6+ Kb7 24. Rc2 Rd1+ 25. Kg2 Nf5 26. Bc6+ Kb8 27. Be8 Rd3 28. Bxf7 Rxe3 0-1

[Event "Voronezh-ch sf"]
[Site "Voronezh"]
[Date "2008.01.20"]
[Round "3"]
[White "Bykov, Alexey1"]
[Black "Cherednichenko, Viktor"]
[Result "1-0"]
[WhiteElo "2065"]
[BlackElo "1959"]
[PlyCount "51"]
[EventDate "2008.01.18"]
[EventType "swiss"]
[EventRounds "9"]
[EventCountry "RUS"]
[SourceTitle "EXT 2010"]
[Source "ChessBase"]
[SourceDate "2010.11.25"]
[SourceVersion "1"]
[SourceVersionDate "2010.11.25"]
[SourceQuality "1"]

1. c4 e6 2. Nc3 c5 3. e4 Nc6 4. Nf3 g6 5. d4 cxd4 6. Nxd4 Bg7 7. Ndb5 d5 8. cxd5 a6 9. dxc6 axb5 10. Qxd8+ Kxd8 11. Bxb5 bxc6 12. Bxc6 Rb8 13. 0-0 Ne7 14. Rd1+ Kc7 15. Ba4 Rd8 16. Bf4+ e5 17. Nb5+ Rxb5 18. Rxd8 Rb4 19. Re8 exf4 20. Rxe7+ Kd6 21. Rxf7 Bxb2 22. Rd1+ Bd4 23. Bb3 Bg4 24. Rd2 Be6 25. Rf6 Rxb3 26. axb3 1-0

[Event "Voronezh-ch sf"]
[Site "Voronezh"]
[Date "2008.01.18"]
[Round "1"]
[White "Grishchenko, Vladimir"]
[Black "Cherednichenko, Viktor"]
[Result "0-1"]
[WhiteElo "2100"]
[BlackElo "1959"]
[PlyCount "64"]
[EventDate "2008.01.18"]
[EventType "swiss"]
[EventRounds "9"]
[EventCountry "RUS"]
[SourceTitle "EXT 2010"]
[Source "ChessBase"]
[SourceDate "2010.11.25"]
[SourceVersion "1"]
[SourceVersionDate "2010.11.25"]
[SourceQuality "1"]

1. e4 c5 2. Nf3 d6 3. d4 cxd4 4. Nxd4 Nf6 5. Nc3 Nc6 6. Bc4 Bd7 7. 0-0 Rc8 8. Bb3 g6 9. h3 Bg7 10. Be3 Qa5 11. f4 0-0 12. Qd2 Nxd4 13. Bxd4 Nxe4 14. Qe3 Bxd4 15. Qxd4 Nxc3 16. bxc3 Qxc3 17. Qxa7 Rc5 18. Qxb7 Qe3+ 19. Rf2 Bc6 20. Qb4 Rc3 21. Rd1 Bxg2 22. Qd4 Bxh3 23. Qxe3 Rxe3 24. Rd4 Rc8 25. c4 Rc5 26. Rfd2 Be6 27. Kf2 Rc3 28. Re2 Kf8 29. Re3 Rc1 30. Rd1 Rxd1 31. Bxd1 f6 32. Kf3 Bxc4 0-1

[Event "Voronezh Winter op 2nd"]
[Site "Voronezh"]
[Date "2007.12.06"]
[Round "3"]
[White "Cherednichenko, Viktor"]
[Black "Sokolovsky, Victor"]
[Result "0-1"]
[WhiteElo "1960"]
[BlackElo "2096"]
[PlyCount "63"]
[EventDate "2007.12.04"]
[EventType "tourn"]
[EventRounds "9"]
[EventCountry "RUS"]
[SourceTitle "EXT 2022"]
[Source "ChessBase"]
[SourceDate "2021.10.06"]
[SourceVersion "1"]
[SourceVersionDate "2021.10.06"]
[SourceQuality "1"]

1. e4 e5 2. Nf3 Nc6 3. d4 exd4 4. Bb5 Nf6 5. 0-0 Bc5 6. Bg5 d6 7. Nxd4 0-0 8. Nxc6 bxc6 9. e5 dxe5 10. Qf3 e4 11. Bxf6 exf3 12. Bxd8 fxg2 13. Kxg2 Rxd8 14. Bxc6 Rb8 15. b3 Rb6 16. Be4 Re6 17. f3 f5 18. Bd3 Rg6+ 19. Kh1 Bd4 20. Nd2 Bxa1 21. Rxa1 Ba6 22. Nc4 Kf8 23. Bxf5 Rf6 24. Be4 Bxc4 25. bxc4 Rd2 26. Rf1 Rh6 27. f4 Rhxh2+ 28. Kg1 Rde2 29. Bd5 Rxc2 30. f5 Ke7 31. Rd1 Rxa2 32. Be6 0-1

[Event "Voronezh Winter op 2nd"]
[Site "Voronezh"]
[Date "2007.12.05"]
[Round "2"]
[White "Kornilov, Peter"]
[Black "Cherednichenko, Viktor"]
[Result "1-0"]
[WhiteElo "2152"]
[BlackElo "1960"]
[PlyCount "61"]
[EventDate "2007.12.04"]
[EventType "tourn"]
[EventRounds "9"]
[EventCountry "RUS"]
[SourceTitle "EXT 2022"]
[Source "ChessBase"]
[SourceDate "2021.10.06"]
[SourceVersion "1"]
[SourceVersionDate "2021.10.06"]
[SourceQuality "1"]

1. e4 c5 2. Nc3 Nc6 3. g3 Rb8 4. Bg2 b5 5. Nf3 b4 6. Ne2 Nf6 7. d3 d5 8. exd5 Nxd5 9. Nf4 e6 10. 0-0 Be7 11. Nxd5 exd5 12. d4 c4 13. Ne5 Nxe5 14. dxe5 Be6 15. Be3 Qc7 16. Qd4 0-0 17. Qxa7 Rb7 18. Qd4 Rb5 19. Rfe1 Ra8 20. b3 Ra6 21. h4 Rba5 22. bxc4 dxc4 23. Rad1 Rxe5 24. c3 Kf8 25. Qd2 bxc3 26. Qxc3 Ra3 27. Qc1 Rxa2 28. Qb1 c3 29. Qxh7 Bf6 30. Qh8+ Ke7 31. Bc6 1-0

[Event "Voronezh Region-ch Seniors"]
[Site "Voronezh"]
[Date "2007.11.21"]
[Round "2"]
[White "Belov, Yury"]
[Black "Cherednichenko, Viktor"]
[Result "1-0"]
[WhiteElo "1687"]
[BlackElo "1960"]
[PlyCount "39"]
[EventDate "2007.11.20"]
[EventType "swiss"]
[EventRounds "9"]
[EventCountry "RUS"]
[SourceTitle "EXT 2022"]
[Source "ChessBase"]
[SourceDate "2021.10.06"]
[SourceVersion "1"]
[SourceVersionDate "2021.10.06"]
[SourceQuality "1"]

1. d4 e6 2. c4 b6 3. e4 Bb7 4. Nc3 Bb4 5. Bd3 f5 6. Qe2 Qh4 7. Nf3 Qg4 8. d5 fxe4 9. Bxe4 Nf6 10. Bd3 0-0 11. Bd2 exd5 12. 0-0-0 dxc4 13. Bxc4+ d5 14. Bb3 Re8 15. Qd3 Ba6 16. Qd4 Qxd4 17. Nxd4 Bxc3 18. Bxc3 c5 19. Nb5 c4 20. Nc7 1-0

[Event "Voronezh Region-ch Seniors"]
[Site "Voronezh"]
[Date "2007.11.20"]
[Round "1"]
[White "Cherednichenko, Viktor"]
[Black "Matveenko, Yury"]
[Result "0-1"]
[WhiteElo "1960"]
[BlackElo "2176"]
[PlyCount "69"]
[EventDate "2007.11.20"]
[EventType "swiss"]
[EventRounds "9"]
[EventCountry "RUS"]
[SourceTitle "EXT 2022"]
[Source "ChessBase"]
[SourceDate "2021.10.06"]
[SourceVersion "1"]
[SourceVersionDate "2021.10.06"]
[SourceQuality "1"]

1. e4 c6 2. d4 d5 3. e5 Bf5 4. g4 Bd7 5. Bd3 e6 6. Be3 c5 7. c3 Nc6 8. a3 Qb6 9. b3 cxd4 10. cxd4 Nge7 11. Ne2 h5 12. Nbc3 Na5 13. b4 Nc4 14. Bxc4 dxc4 15. d5 Qa6 16. d6 Ng6 17. f4 hxg4 18. 0-0 Nh4 19. Nd4 f5 20. a4 b6 21. Ncb5 Kf7 22. Rf2 Qb7 23. Nc7 Rc8 24. Rc1 Qe4 25. Qe2 Bc6 26. Nxc6 Qxc6 27. Qxc4 Nf3+ 28. Kf1 Qxc4+ 29. Rxc4 g5 30. a5 Nxh2+ 31. Ke2 Nf3 32. axb6 axb6 33. Rxf3 gxf3+ 34. Kxf3 gxf4 35. Nxe6 0-1

[Event "Voronezh CC fin"]
[Site "Voronezh"]
[Date "2007.10.20"]
[Round "5"]
[White "Golovchanov, Artiom"]
[Black "Cherednichenko, Viktor"]
[Result "1/2-1/2"]
[WhiteElo "2055"]
[BlackElo "1960"]
[PlyCount "22"]
[EventDate "2007.10.16"]
[EventType "swiss"]
[EventRounds "9"]
[EventCountry "RUS"]
[SourceTitle "CBM 121 Extra"]
[Source "ChessBase"]
[SourceDate "2008.01.10"]
[SourceVersion "1"]
[SourceVersionDate "2008.01.10"]
[SourceQuality "1"]

1. e4 c5 2. c3 d5 3. exd5 Qxd5 4. d4 Nc6 5. Nf3 Bg4 6. Be2 0-0-0 7. Be3 Qh5 8. 0-0 e5 9. h3 Nf6 10. hxg4 Nxg4 11. Nh4 f5 1/2-1/2

[Event "Voronezh CC fin"]
[Site "Voronezh"]
[Date "2007.10.18"]
[Round "3"]
[White "Provkin, Vladimir"]
[Black "Cherednichenko, Viktor"]
[Result "1-0"]
[WhiteElo "2231"]
[BlackElo "1960"]
[PlyCount "42"]
[EventDate "2007.10.16"]
[EventType "swiss"]
[EventRounds "9"]
[EventCountry "RUS"]
[SourceTitle "CBM 121 Extra"]
[Source "ChessBase"]
[SourceDate "2008.01.10"]
[SourceVersion "1"]
[SourceVersionDate "2008.01.10"]
[SourceQuality "1"]

1. d4 Nf6 2. Bg5 Ne4 3. Bh4 g5 4. f3 gxh4 5. fxe4 c5 6. e3 Nc6 7. Nf3 Bg7 8. c3 e6 9. Bd3 Bh6 10. Qe2 Rg8 11. Nbd2 d6 12. 0-0-0 Qe7 13. d5 Ne5 14. Nxe5 dxe5 15. Bb5+ Kf8 16. d6 Qxd6 17. Nc4 Qc7 18. Nd6 f6 19. Rhf1 Bg5 20. Kb1 Bd7 21. Bxd7 Qxd7 1-0